000 00604nam a2200205Ia 4500
003 GCL
008 140319s9999 xx 000 0 ara d
040 _aGCL /
_cGCL
082 0 4 _a843
_bس ح
100 1 _aسارسى، فرانسسك
245 1 0 _aحصار باريس /
_cسارسى، فرانسسك
700 1 _aعبدالمنعم ثابت
700 1 _aعبدالحميد الدواخلى
300 _a448 ص
490 _aالالف كتاب
_v0
650 0 4 _aالادب
650 0 4 _aالادب الفرنسى
650 0 4 _aالقصص الفرنسية المترجمة
942 _2ddc
_cBK
999 _c45379
_d45379